quiz culture generale - Statistiques

Statistiques générales
  • Ce quiz a été pris 118 fois
  • Le résultat moyen est 5 sur 5
Statistiques - réponses
Hint Réponse % Correct
Qui a écrit "Les Misérables" ? Victor Hugo
97%
Quelle est la formule chimique de l'eau ? H2O
96%
Quelle est la capitale de l'Australie ? Canberra
94%
Quel événement historique a marqué le début de la Révolution française en 1789 ? prise de la Bastille
86%
Quel compositeur est célèbre pour ses symphonies et son œuvre "La Neuvième Symphonie" ? Ludwig van Beethoven
79%
Aucun quiz correspondant
Distribution des résultats
% des personnes avec chaque résultat
Percentile par nombre de réponses
Votre historique - résultats
Vous n’avez pas pris ce quiz